| 000 | 01476nam a22002057a 4500 | ||
|---|---|---|---|
| 008 | 241101s2024 xxk|||||o|||| 00| 0 eng d | ||
| 041 | _aeng | ||
| 110 | _aRoyal Institution of Chartered Surveyors | ||
| 245 |
_aGlobal Commercial Property Monitor _bQ3 2024 _h[Electronic resource] |
||
| 260 |
_aLondon, _bRoyal Institution of Chartered Surveyors, _cOctober 2024 |
||
| 490 |
_aRICS Global Commercial Property Monitor _vQ3 2024 |
||
| 520 | _aRICS UK Commercial Property Monitor, Q3 2024: Anecdotal commentary suggests parts of the market are waiting to hear the budget before committing; 44% feel the market has shifted towards the early stages of an upturn; Small increase in occupier demand over the quarter. The commercial property market in the UK is still seeing an underwhelming market backdrop, as, anecdotally, respondents to the latest Royal Institution of Chartered Surveyors (RICS) UK Commercial Property Monitor Q3 2024 are seeing an element of waiting for the budget. | ||
| 650 | _aCOMMERCIAL PROPERTY | ||
| 651 | _aInternational | ||
| 690 |
_96227 _aCommercial property |
||
| 710 | _aRoyal Institution of Chartered Surveyors | ||
| 856 |
_uhttps://www.rics.org/content/dam/ricsglobal/documents/market-surveys/global-commercial-property-monitors/RICS-Q3-2024-GCPM-headline-report.pdf _zAvailable on RICS.org |
||
| 856 |
_uhttps://www.rics.org/profession-standards/knowledge-and-information-services _zIf archived please email [email protected] |
||
| 942 | _n0 | ||
| 999 |
_c122048 _d122048 |
||